Evolution of European GM-free standards: reasoning of consumers and strategic adoption by companies
Označovanie produktov, ktoré nie sú geneticky modifikované v Európskej únii a v USA. Povinné a dobrovoľné označovanie. Reakcie spotrebiteľov. Stratégie označovania produktov, ktoré nie sú genetický modifikované výrobcami a obchodníkmi.
Saved in:
| Main Author: | |
|---|---|
| Other Authors: | |
| Format: | Book Chapter |
| Language: | English |
| Subjects: | |
| Tags: |
No Tags, Be the first to tag this record!
|
MARC
| LEADER | 00000nla a2200000 4500 | ||
|---|---|---|---|
| 001 | 0227813 | ||
| 005 | 20240417075112.0 | ||
| 041 | 0 | |a eng | |
| 044 | |a SK | ||
| 245 | 1 | 0 | |a Evolution of European GM-free standards: reasoning of consumers and strategic adoption by companies |c Thomas j. Venus, Justus H.H. Wesseler |
| 520 | |a Označovanie produktov, ktoré nie sú geneticky modifikované v Európskej únii a v USA. Povinné a dobrovoľné označovanie. Reakcie spotrebiteľov. Stratégie označovania produktov, ktoré nie sú genetický modifikované výrobcami a obchodníkmi. | ||
| 610 | 2 | 0 | |a potraviny modifikované geneticky |
| 610 | 2 | 0 | |a označovanie tovarov |
| 610 | 2 | 0 | |a legislatíva |
| 610 | 2 | 0 | |a spotrebitelia |
| 610 | 2 | 0 | |a správanie spotrebiteľa |
| 610 | 2 | 0 | |a Európska únia |
| 610 | 2 | 0 | |a USA |
| 100 | 1 | |a Venus, Thomas j. | |
| 700 | 1 | |a Wesseler, Justus H.H. | |